[Event "Junior Online 4NCL Division 3"]
[Site "online"]
[Date "2022.02.17"]
[EventDate "2022.02.17"]
[Round "3.66"]
[White "Botiz, Thomas"]
[WhiteElo "1300"]
[WhiteTeam "Chess Challengers B"]
[Black "Jowell, Leo"]
[BlackElo "1225"]
[BlackTeam "Edgware Gambits D"]
[Result "1-0"]
[PlyCount "133"]

1. d4 Nf6 2. c4 g6 3. g3 Bg7 4. Nf3 O-O 5. Bg2 d6 6. Nc3 Nbd7 7. O-O e5 8. e4 Ne8 9. Bg5 Nef6 10. dxe5 Nxe5 11. Nxe5 dxe5 12. Nd5 Bg4 13. f3 Be6 14. Nxf6+ Bxf6 15. Qxd8 Bxd8 16. Bh6 Re8 17. f4 exf4 18. Rxf4 Bxc4 19. Bh3 g5 20. Rf2 Rxe4 21. Bf5 Re8 22. Bd7 Re7 23. Rd2 c6 24. Bxg5 Bb6+ 25. Kh1 Bd5+ 26. Rxd5 cxd5 27. Bxe7 f6 28. Be6+ Kg7 29. Rf1 Bd4 30. Bxd5 Re8 31. Ba3 Re5 32. Bxb7 Rg5 33. Kg2 Be3 34. Rf3 Bd4 35. h4 Rb5 36. Rf4 Bxb2 37. Rg4+ Kf7 38. Bxb2 Rxb2+ 39. Kh3 Rxb7 40. Ra4 Ke6 41. Kg4 f5+ 42. Kg5 Ke5 43. Ra5+ Ke4 44. h5 Rg7+ 45. Kf6 Rxg3 46. Re5+ Kf4 47. Rxf5+ Ke4 48. Rg5 Rf3+ 49. Kg7 Rh3 50. Kxh7 Kd3 51. Kg7 Kc3 52. h6 a5 53. h7 Rxh7+ 54. Kxh7 a4 55. Rg3+ Kb2 56. a3 Ka2 57. Kg6 Kb2 58. Kf5 Ka2 59. Ke5 Kb2 60. Kd4 Ka2 61. Kc4 Kb2 62. Kb4 Kc2 63. Kxa4 Kb2 64. Kb4 Ka2 65. Rg2+ Ka1 66. Kb3 Kb1 67. Rg1# 1-0

[Event "Junior Online 4NCL Division 3"]
[Site "online"]
[Date "2022.02.17"]
[EventDate "2022.02.17"]
[Round "3.67"]
[White "Patel, Rohan"]
[WhiteElo "1178"]
[WhiteTeam "Edgware Gambits D"]
[Black "Karadkar, Aryan"]
[BlackElo "1380"]
[BlackTeam "Chess Challengers B"]
[Result "0-1"]
[PlyCount "38"]

1. e4 e5 2. Nf3 Nc6 3. Bc4 Nf6 4. Nc3 Nxe4 5. Nxe4 d5 6. Bd3 Nb4 7. Ng3 e4 8. Qe2 Be7 9. Nxe4 dxe4 10. Bxe4 O-O 11. a3 Nd5 12. Qd3 Nf4 13. Bxh7+ Kh8 14. Qe4 Nxg2+ 15. Kf1 Nh4 16. Nxh4 Bxh4 17. Bf5 Qf6 18. Rg1 Bxf5 19. Qf4 Bh3+ 0-1

[Event "Junior Online 4NCL Division 3"]
[Site "online"]
[Date "2022.02.17"]
[EventDate "2022.02.17"]
[Round "3.68"]
[White "Pyla, Akhil"]
[WhiteElo "1336"]
[WhiteTeam "Chess Challengers B"]
[Black "Wen, Liana"]
[BlackElo "1154"]
[BlackTeam "Edgware Gambits D"]
[Result "1-0"]
[PlyCount "49"]

1. e4 c5 2. Nf3 d6 3. Nc3 Nf6 4. d3 g6 5. Bd2 Bg7 6. g3 Nc6 7. Bg2 O-O 8. O-O Bg4 9. h3 Bxf3 10. Qxf3 Nd4 11. Qd1 d5 12. exd5 Nxd5 13. Nxd5 Nf5 14. Bc3 Bxc3 15. Nxc3 Rc8 16. Rb1 e6 17. Ne4 b6 18. Qf3 Kg7 19. c3 b5 20. g4 Nh4 21. Qg3 b4 22. Qe5+ Kg8 23. Nf6+ Kg7 24. Nh5+ Kg8 25. Qg7# 1-0

[Event "Junior Online 4NCL Division 3"]
[Site "online"]
[Date "2022.02.17"]
[EventDate "2022.02.17"]
[Round "3.71"]
[White "Agarwal, Mihir"]
[WhiteElo "1301"]
[WhiteTeam "The Hall 2"]
[Black "Wang, Hantin"]
[BlackElo "1270"]
[BlackTeam "London Dragons Californium"]
[Result "1-0"]
[PlyCount "55"]

1. e4 c5 2. Nf3 Nc6 3. c3 g6 4. Bc4 Bg7 5. d4 cxd4 6. cxd4 d6 7. d5 Ne5 8. Nxe5 Bxe5 9. Nc3 Bg7 10. Be3 Nf6 11. O-O O-O 12. b4 Bd7 13. Qb3 b6 14. a4 Rc8 15. Rac1 Ng4 16. h3 Ne5 17. Ba6 Rb8 18. f4 Qc7 19. fxe5 Bxe5 20. Nb5 Qd8 21. Bd4 Bg7 22. Bxg7 Kxg7 23. Qg3 Bc8 24. Bxc8 Rxc8 25. Nxa7 Ra8 26. Nc6 Qd7 27. a5 bxa5 28. bxa5 1-0

[Event "Junior Online 4NCL Division 3"]
[Site "online"]
[Date "2022.02.17"]
[EventDate "2022.02.17"]
[Round "3.72"]
[White "Li, Leo"]
[WhiteElo "1260"]
[WhiteTeam "London Dragons Californium"]
[Black "Jhamna, Florian"]
[BlackElo "1260"]
[BlackTeam "The Hall 2"]
[Result "0-1"]
[PlyCount "76"]

1. g3 e6 2. Bg2 d5 3. Nf3 c5 4. Nc3 Nc6 5. O-O Nf6 6. d4 Bd7 7. Nb5 Qb6 8. Qd3 Nb4 9. dxc5 Qxb5 10. Qxb5 Bxb5 11. Nd4 Ba6 12. Bd2 Bxc5 13. Bxb4 Bxb4 14. c3 Bd6 15. e3 Bxf1 16. Bxf1 e5 17. Nb5 Ke7 18. Rd1 a6 19. Nxd6 Kxd6 20. Bg2 b5 21. f4 exf4 22. gxf4 Rhe8 23. Kf2 Ng4+ 24. Kg3 Nxe3 25. Re1 Nxg2 26. Rxe8 Rxe8 27. Kxg2 Re2+ 28. Kf3 Rxb2 29. a4 bxa4 30. h3 a3 31. Ke3 a2 32. Kd3 a1=Q 33. Kd4 Qd1+ 34. Ke3 Re2+ 35. Kf3 Qf1+ 36. Kg4 Rg2+ 37. Kh4 Qxf4+ 38. Kh5 g6# 0-1

[Event "Junior Online 4NCL Division 3"]
[Site "online"]
[Date "2022.02.17"]
[EventDate "2022.02.17"]
[Round "3.75"]
[White "Wang, Hantin"]
[WhiteElo "1270"]
[WhiteTeam "London Dragons Californium"]
[Black "Agarwal, Mihir"]
[BlackElo "1301"]
[BlackTeam "The Hall 2"]
[Result "1-0"]
[PlyCount "49"]

1. d4 d5 2. Bf4 Nc6 3. e3 Bf5 4. c3 f6 5. Nf3 e5 6. dxe5 fxe5 7. Nxe5 Nxe5 8. Bxe5 Nf6 9. Be2 Be7 10. O-O O-O 11. Nd2 Bd6 12. Bxf6 Qxf6 13. Nf3 Qg6 14. Nd4 Bh3 15. Bf3 Rxf3 16. Qxf3 Rf8 17. Qxh3 c5 18. Nf3 h6 19. Rad1 d4 20. exd4 cxd4 21. Nxd4 Bc5 22. Ne6 Bb6 23. Nxf8 Kxf8 24. Rfe1 Qf7 25. Qc8+ 1-0

[Event "Junior Online 4NCL Division 3"]
[Site "online"]
[Date "2022.02.17"]
[EventDate "2022.02.17"]
[Round "3.76"]
[White "Jhamna, Florian"]
[WhiteElo "1260"]
[WhiteTeam "The Hall 2"]
[Black "Li, Leo"]
[BlackElo "1260"]
[BlackTeam "London Dragons Californium"]
[Result "1-0"]
[PlyCount "41"]

1. e4 b6 2. d4 Bb7 3. Nc3 Nf6 4. Nf3 Bxe4 5. Bg5 Bxf3 6. Qxf3 d5 7. Bxf6 exf6 8. Nxd5 c6 9. Nc3 Qe7+ 10. Be2 Qb4 11. O-O-O Be7 12. Rhe1 O-O 13. d5 Na6 14. Bxa6 Qa5 15. Bb7 Rab8 16. Bxc6 Rfd8 17. Rxe7 Kf8 18. Re3 Qc5 19. Rde1 g6 20. Qxf6 g5 21. Qh8# 1-0

[Event "Junior Online 4NCL Division 3"]
[Site "online"]
[Date "2022.02.17"]
[EventDate "2022.02.17"]
[Round "3.81"]
[White "Turner, Rufus"]
[WhiteElo "687"]
[WhiteTeam "Manchester Junior D"]
[Black "Moiseev, Mikhail"]
[BlackElo "1125"]
[BlackTeam "Chess Challengers E"]
[Result "0-1"]
[PlyCount "87"]

1. e4 e5 2. Bc4 Nc6 3. Nf3 Nd4  4. c3 Nxf3+ 5. Qxf3 Nf6 6. Qd1 Bc5 7. O-O Nxe4 8. Qe1 d5 9. d3 dxc4 10. dxe4 O-O 11. Nd2 Qd6 12. Nxc4 Qe7 13. a3 b6 14. b4 Ba6 15. bxc5 Bxc4 16. a4 Bxf1 17. Qxf1 Qxc5 18. Ba3 Qxc3 19. Kh1 Rfd8 20. Qe2 Rd2 21. Qe1 Rad8 22. g3 Qf3+ 23. Kg1 Rd1 24. Rxd1 Rxd1 25. Qf1 Rxf1+ 26. Kxf1 Qxa3 27. Kg2 c5 28. Kf1 c4 29. Ke1 c3 30. Kd1 Qxa4+ 31. Kc1 Qa1+ 32. Kc2 Qb2+ 33. Kd1 a5 34. Ke1 a4 35. Kf1 Qc1+ 36. Kg2 a3 37. Kf3 a2 38. Kg4 a1=Q 39. Kf5 g6+ 40. Kxe5 Qg5+ 41. Kd6 Qa3+ 42. Kc6 Qac5+ 43. Kb7 Qge7+ 44. Ka6 Qa5# 0-1

[Event "Junior Online 4NCL Division 3"]
[Site "online"]
[Date "2022.02.17"]
[EventDate "2022.02.17"]
[Round "3.83"]
[White "Pilditch, Kento"]
[WhiteElo "295"]
[WhiteTeam "Manchester Junior D"]
[Black "Chavan, Aarav"]
[BlackElo "978"]
[BlackTeam "Chess Challengers E"]
[Result "0-1"]
[PlyCount "22"]

1. d4 d5 2. Bf4 Nc6 3. c3 Bf5 4. Nf3 Nf6 5. e3 h6 6. Bd3 e6 7. O-O g5 8. Bxf5 exf5 9. Nxg5 hxg5 10. Bxg5 Qd6 11. Qf3 Qxh2# 0-1

[Event "Junior Online 4NCL Division 3"]
[Site "online"]
[Date "2022.02.17"]
[EventDate "2022.02.17"]
[Round "3.84"]
[White "Kulkarni, Shreya"]
[WhiteElo "1000"]
[WhiteTeam "Chess Challengers E"]
[Black "Pilditch, Erika"]
[BlackElo "355"]
[BlackTeam "Manchester Junior D"]
[Result "1-0"]
[PlyCount "23"]

1. e4 e5 2. Nf3 Nc6 3. Bc4 Nf6 4. Ng5 Qe7 5. Bxf7+ Kd8 6. Bb3 Nh5 7. Nf7+ Ke8 8. Nxh8 Nd4 9. Bf7+ Kd8 10. Bxh5 d6 11. d3 Qg5 12. Bxg5+ 1-0

[Event "Junior Online 4NCL Division 3"]
[Site "online"]
[Date "2022.02.17"]
[EventDate "2022.02.17"]
[Round "3.85"]
[White "Moiseev, Mikhail"]
[WhiteElo "1125"]
[WhiteTeam "Chess Challengers E"]
[Black "Turner, Rufus"]
[BlackElo "687"]
[BlackTeam "Manchester Junior D"]
[Result "1-0"]
[PlyCount "67"]

1. e4 e5 2. Nf3 Nf6 3. d4 d5  4. dxe5 Nxe4 5. Bd3 Nc5 6. O-O Be7 7. Bf4 O-O 8. Nbd2 Nc6 9. h3 Be6 10. Qb1 d4 11. c4 dxc3 12. Bxh7+ Kh8 13. bxc3 a6 14. Be4 Na7 15. Bxb7 Rb8 16. Be3 Nxb7 17. Bxa7 Ra8 18. Qxb7 Rc8 19. Qe4 Bd5 20. Qd4 f5 21. exf6 gxf6 22. c4 c6 23. cxd5 cxd5 24. Bb6 Qd6 25. Bc5 Qd7 26. Bxe7 Qxe7 27. Rfe1 Qg7 28. Qxd5 Rg8 29. Qh5+ Qh7 30. Qxh7+ Kxh7 31. Re7+ Kh8 32. Ne4 Rgd8 33. Nxf6 Rd3 34. Rh7# 1-0

[Event "Junior Online 4NCL Division 3"]
[Site "online"]
[Date "2022.02.17"]
[EventDate "2022.02.17"]
[Round "3.86"]
[White "Singh, Rajdeep"]
[WhiteElo "500"]
[WhiteTeam "Manchester Junior D"]
[Black "Kulkarni, Esha"]
[BlackElo "1070"]
[BlackTeam "Chess Challengers E"]
[Result "1-0"]
[PlyCount "33"]

1. e4 e5 2. Bc4 Nf6 3. Nh3 Nxe4 4. Qh5 Qf6 5. O-O Nd6 6. Bb3 Be7 7. Nc3 O-O 8. Nd5 Qf5 9. Ng5 Qxg5 10. Nxe7+ Qxe7 11. d3 Nc6 12. Be3 Nb4 13. Bc5 Nxc2 14. Bxc2 Qf6 15. Bxd6 Qxd6 16. d4 Qxd4 17. Qxh7# 1-0

[Event "Junior Online 4NCL Division 3"]
[Site "online"]
[Date "2022.02.17"]
[EventDate "2022.02.17"]
[Round "3.88"]
[White "Pilditch, Erika"]
[WhiteElo "355"]
[WhiteTeam "Manchester Junior D"]
[Black "Kulkarni, Shreya"]
[BlackElo "1000"]
[BlackTeam "Chess Challengers E"]
[Result "0-1"]
[PlyCount "42"]

1. e4 e5 2. f4 Nc6 3. fxe5 Nxe5 4. Nf3 Nxf3+ 5. Qxf3 Nf6 6. d4 d5 7. e5 Bg4 8. Qf4 Nh5 9. Qxg4 g6 10. Bg5 Be7 11. Bxe7 Qxe7 12. Nc3 f5 13. Qe2 O-O-O 14. Nxd5 Rxd5 15. Qf3 Rxd4 16. c3 Rdd8 17. Ba6 Qxe5+ 18. Kf1 bxa6 19. Qa8+ Kd7 20. Qxa7 Rde8 21. Re1 Qxe1# 0-1

[Event "Junior Online 4NCL Division 3"]
[Site "online"]
[Date "2022.02.17"]
[EventDate "2022.02.17"]
[Round "3.91"]
[White "Rowland, Benjamin"]
[WhiteElo "1271"]
[WhiteTeam "Barnet Knights C"]
[Black "Patel, Kamran"]
[BlackElo "957"]
[BlackTeam "Edgware Gambits F"]
[Result "1-0"]
[PlyCount "109"]

1. e4 e5 2. f4 f6 3. fxe5 fxe5 4. Bc4 Nf6 5. d3 Bb4+ 6. Bd2 Bxd2+ 7. Nxd2 d6 8. Ngf3 Bg4 9. O-O Nc6 10. g3 Nd4 11. c3 Nxf3+ 12. Nxf3 Bxf3 13. Qxf3 Rf8 14. g4 Qe7 15. Qg3 h5 16. gxh5 Nxh5 17. Qg6+ Rf7 18. Qxf7+ Qxf7 19. Bxf7+ Ke7 20. Bxh5 Rh8 21. Bg6 Rh6 22. Bf5 g6 23. Bg4 g5 24. h3 c5 25. Rf2 b5 26. Raf1 Rh7 27. Rf6 c4 28. Re6+ Kd7 29. Rh6+ Kc6 30. Rxh7 Kc5 31. dxc4 Kxc4 32. Rc7+ Kd3 33. Re1 Kd2 34. Kf2 Kc2 35. Re2+ Kd3 36. Rd7 Kc4 37. Rxd6 Kc5 38. Rd5+ Kb6 39. Re3 a6 40. c4 bxc4 41. b3 cxb3 42. Rxb3+ Kc6 43. Bd7+ Kc7 44. Rc3+ Kd8 45. Be6+ Ke7 46. Bg4 Kf6 47. Rf3+ Kg6 48. Rd6+ Kg7 49. Rff6 a5 50. Rg6+ Kf7 51. Rgf6+ Ke7 52. Ra6 a4 53. Rfb6 Kd8 54. Rb7 Ke8 55. Ra8# 1-0

[Event "Junior Online 4NCL Division 3"]
[Site "online"]
[Date "2022.02.17"]
[EventDate "2022.02.17"]
[Round "3.92"]
[White "Illingworth-Law, Oscar"]
[WhiteElo "961"]
[WhiteTeam "Edgware Gambits F"]
[Black "Saunders, Oliver"]
[BlackElo "1168"]
[BlackTeam "Barnet Knights C"]
[Result "0-1"]
[PlyCount "72"]

1. e4 e5 2. Nf3 Nc6 3. d4 exd4 4. Nxd4 Bc5 5. Be3 Nf6 6. Nxc6 dxc6 7. Bxc5 Qxd1+ 8. Kxd1 Nxe4 9. Bd4 O-O 10. Ke2 Re8 11. Kd3 Bf5 12. Kc4 b5+ 13. Kb3 Be6+ 14. c4 bxc4+ 15. Bxc4 Rab8+ 16. Kc2 Bxc4 17. Re1 Nd6 18. Rd1 Nb5 19. b3 Nxd4+ 20. Kc3 Be2 21. Rxd4 h6 22. Rd2 Rbd8 23. Rxd8 Rxd8 24. Kc2 Bd3+ 25. Kc3 Bxb1 26. Rxb1 Kh7 27. Kc4 Rd5 28. Re1 Kg6 29. Re7 Rd2 30. Rxc7 Rxa2 31. Rxc6+ Kh7 32. Rc7 Rxf2 33. Rxa7 Rxg2 34. Rxf7 Rxh2 35. b4 Kg6 36. Rc7 Rc2+ 0-1

[Event "Junior Online 4NCL Division 3"]
[Site "online"]
[Date "2022.02.17"]
[EventDate "2022.02.17"]
[Round "3.93"]
[White "Gardner, Zac"]
[WhiteElo "1093"]
[WhiteTeam "Barnet Knights C"]
[Black "Buchalter, Shane"]
[BlackElo "1000"]
[BlackTeam "Edgware Gambits F"]
[Result "1-0"]
[PlyCount "57"]

1. e4 e6 2. Nf3 d5 3. exd5 exd5 4. d4 Nf6 5. Nc3 Be7 6. Bb5+ c6 7. Bd3 O-O 8. O-O Bd7 9. Bg5 c5 10. Bxf6 Bxf6 11. dxc5 b6 12. cxb6 Qxb6 13. Nxd5 Qd6 14. Nxf6+ Qxf6 15. c3 Qd6 16. Bxh7+ Kxh7 17. Qxd6 Bb5 18. Qxf8 Bxf1 19. Kxf1 Kh6 20. Re1 f6 21. Nd4 Kg6 22. Ne6 Kh6 23. Qxg7+ Kh5 24. Nf4+ Kh4 25. Qxf6+ Kg4 26. Qf8 Kg5 27. Re5+ Kg4 28. Qf5+ Kh4 29. Ng6# 1-0

[Event "Junior Online 4NCL Division 3"]
[Site "online"]
[Date "2022.02.17"]
[EventDate "2022.02.17"]
[Round "3.94"]
[White "Lewis, Tom"]
[WhiteElo "900"]
[WhiteTeam "Edgware Gambits F"]
[Black "Morin, Julian"]
[BlackElo "1109"]
[BlackTeam "Barnet Knights C"]
[Result "0-1"]
[PlyCount "86"]

1. e4 c5 2. Nf3 d6 3. Nc3 g6 4. Bc4 Bg7 5. d3 Nf6 6. Bg5 b6 7. Bxf6 Bxf6 8. Bd5 Bxc3+ 9. bxc3 O-O 10. Bxa8 Bg4 11. h3 Be6 12. Ng5 Nd7 13. Nxe6 fxe6 14. Bc6 Nb8 15. Bb7 Qc7 16. Bd5 exd5 17. exd5 Qd7 18. Qg4 Qe8 19. O-O Nd7 20. c4 Ne5 21. Qe4 Rf7 22. f4 Nd7 23. Rae1 Qf8 24. Re2 e5 25. Ref2 Nf6 26. Qf3 Nh5 27. g4 Rxf4 28. Qxf4 Nxf4 29. Rxf4 exf4 30. h4 Qf6 31. a4 Qxh4 32. Rf2 Qxg4+ 33. Rg2 Qd1+ 34. Kh2 f3 35. Rf2 Qc1 36. Rxf3 Qxc2+ 37. Kg3 Qxa4 38. Rf4 Qd1 39. Rf3 a5 40. Kg2 a4 41. Rf1 Qg4+ 42. Kf2 a3 43. Ra1 Qd4+ 0-1

[Event "Junior Online 4NCL Division 3"]
[Site "online"]
[Date "2022.02.17"]
[EventDate "2022.02.17"]
[Round "3.95"]
[White "Patel, Kamran"]
[WhiteElo "957"]
[WhiteTeam "Edgware Gambits F"]
[Black "Rowland, Benjamin"]
[BlackElo "1271"]
[BlackTeam "Barnet Knights C"]
[Result "1/2-1/2"]
[PlyCount "132"]

1. d4 Nf6 2. Bf4 d5 3. e3 Bf5 4. Nf3 e6 5. c3 Bd6 6. Bg3 c5 7. Qb3 b6 8. Qb5+ Qd7 9. Bxd6 Qxb5 10. Bxb5+ Nbd7 11. Bc6 Rc8 12. Bb7 Rd8 13. Bc7 Rb8 14. Bxb8 Nxb8 15. Bc8 a6 16. Ne5 O-O 17. Bxa6 Nxa6 18. Nc6 Re8 19. dxc5 bxc5 20. Nd2 Bd3 21. a4 e5 22. b4 cxb4 23. cxb4 Rc8 24. Ne7+ Kf8 25. Nxc8 Ke8 26. Nd6+ Kd7 27. Nxf7 Ke6 28. Ng5+ Ke7 29. b5 Nb4 30. b6 Nc2+ 31. Kd1 Nxa1 32. Kc1 Nc2 33. b7 Nd7 34. Kb2 Nb4 35. Rb1 Nc6 36. Kc3 Bxb1 37. Nxb1 h6 38. Nf3 e4 39. Nfd2 Na5 40. Kb4 Nxb7 41. Nb3 Kd6 42. Nc3 Kc6 43. Nb5 Kb6 44. g4 Ne5 45. h3 Nd3+ 46. Ka3 Nxf2 47. h4 Nxg4 48. h5 Nxe3 49. Kb4 Nc2+ 50. Kc3 Ne3 51. Kd4 Nc4 52. Kxd5 Nc5 53. a5+ Kxb5 54. Nxc5 Nxa5 55. Nxe4 Nb7 56. Ke6 Nd8+ 57. Ke7 Nc6+ 58. Kf7 Ne5+ 59. Kxg7 Ng4 60. Nd6+ Kc5 61. Ne4+ Kd5 62. Nc3+ Ke5 63. Nb5 Kf5 64. Nd6+ Kg5 65. Nf7+ Kxh5 66. Nxh6 Nxh6 1/2-1/2

[Event "Junior Online 4NCL Division 3"]
[Site "online"]
[Date "2022.02.17"]
[EventDate "2022.02.17"]
[Round "3.96"]
[White "Saunders, Oliver"]
[WhiteElo "1168"]
[WhiteTeam "Barnet Knights C"]
[Black "Illingworth-Law, Oscar"]
[BlackElo "961"]
[BlackTeam "Edgware Gambits F"]
[Result "1-0"]
[PlyCount "41"]

1. e4 e5 2. Nf3 Nc6 3. Bc4 Be7 4. c3 Nf6 5. d4 exd4 6. cxd4 Nxe4 7. Ne5 Nxe5 8. dxe5 Bb4+ 9. Bd2 Qh4 10. Qf3 Nxd2 11. Nxd2 Bxd2+ 12. Kxd2 Qxc4 13. Rac1 Qd4+ 14. Ke1 Qxe5+ 15. Kf1 Qxb2 16. Re1+ Kf8 17. Qe3 Qb5+ 18. Kg1 d6 19. Qe7+ Kg8 20. Qd8+ Qe8 21. Qxe8# 1-0

[Event "Junior Online 4NCL Division 3"]
[Site "online"]
[Date "2022.02.17"]
[EventDate "2022.02.17"]
[Round "3.97"]
[White "Buchalter, Shane"]
[WhiteElo "1000"]
[WhiteTeam "Edgware Gambits F"]
[Black "Gardner, Zac"]
[BlackElo "1093"]
[BlackTeam "Barnet Knights C"]
[Result "0-1"]
[PlyCount "62"]

1. d4 d5 2. e3 Nf6 3. Nf3 Nc6 4. Bd3 Nb4 5. Be2 Bf5 6. O-O Nxc2 7. Bd3 Bxd3 8. Qxd3 Nxa1 9. Ne5 e6 10. Qb5+ c6 11. Qxb7 Qc8 12. Qxf7+ Kd8 13. Bd2 a5 14. Nc3 Bd6 15. Nxc6+ Qxc6 16. Qxe6 Bxh2+ 17. Kxh2 Qxe6 18. Nb5 Ng4+ 19. Kg3 h5 20. Rxa1 Qf6 21. Rc1 Qxf2+ 22. Kh3 g5 23. Be1 Qxe3+ 24. Bg3 Qxc1 25. Nd6 Ke7 26. Nf5+ Ke6 27. Nh6 Nxh6 28. Be5 Qe3+ 29. g3 Rh7 30. Bf4 gxf4 31. b3 Qxg3# 0-1

[Event "Junior Online 4NCL Division 3"]
[Site "online"]
[Date "2022.02.17"]
[EventDate "2022.02.17"]
[Round "3.98"]
[White "Morin, Julian"]
[WhiteElo "1109"]
[WhiteTeam "Barnet Knights C"]
[Black "Lewis, Tom"]
[BlackElo "900"]
[BlackTeam "Edgware Gambits F"]
[Result "1-0"]
[PlyCount "29"]

1. c4 e5 2. b3 Qf6 3. Bb2 Bc5 4. e3 Nc6 5. Nf3 d6 6. Be2 Bg4 7. O-O e4 8. Ne1 O-O-O 9. Bxg4+ Kb8 10. Nc3 Qh4 11. Nxe4 Ne5 12. Bxe5 dxe5 13. Nxc5 Ka8 14. Qf3 h5 15. Qxb7# 1-0

[Event "Junior Online 4NCL Division 3"]
[Site "online"]
[Date "2022.02.17"]
[EventDate "2022.02.17"]
[Round "3.101"]
[White "Fang, Moyao"]
[WhiteElo "1342"]
[WhiteTeam "London Dragons Beryllium"]
[Black "Spitz, Danny"]
[BlackElo "1364"]
[BlackTeam "Coldfall Bishops"]
[Result "1-0"]
[PlyCount "89"]

1. e4 e5 2. Nf3 Nc6 3. Bc4 Bc5 4. c3 Nf6 5. d4 exd4 6. e5 Ng4 7. cxd4 Be7 8. h3 Nh6 9. Bxh6 gxh6 10. O-O Rg8 11. Kh1 d5 12. Bb5 Bd7 13. Nc3 a6 14. Ba4 Be6 15. Bxc6+ bxc6 16. Rc1 Qd7 17. Kh2 O-O-O 18. Qe2 Kb7 19. Na4 Rg6 20. Nh4 Rg7 21. b4 Ka7 22. Nc5 Bxc5 23. dxc5 Rdg8 24. Rc3 Qe7 25. Ra3 Bc8 26. g3 Qd7 27. g4 Qe7 28. Nf5 Qg5 29. Nxg7 Rxg7 30. Rg1 h5 31. Rgg3 hxg4 32. Rxg4 Qc1 33. Ra5 Rxg4 34. hxg4 Qf4+ 35. Kh1 Qxb4 36. Rxa6+ Bxa6 37. Qf3 Qxc5 38. Qxf7 Kb6 39. e6 Bc8 40. e7 Bd7 41. e8=Q Bxe8 42. Qxe8 Qxf2 43. Qb8+ Kc5 44. Qa7+ Kd6 45. Qxf2 1-0

[Event "Junior Online 4NCL Division 3"]
[Site "online"]
[Date "2022.02.17"]
[EventDate "2022.02.17"]
[Round "3.102"]
[White "Haga, Xander"]
[WhiteElo "1276"]
[WhiteTeam "Coldfall Bishops"]
[Black "Shi, Shaoting"]
[BlackElo "1313"]
[BlackTeam "London Dragons Beryllium"]
[Result "1-0"]
[PlyCount "51"]

1. e4 e5 2. Nf3 Nc6 3. d4 exd4 4. Bc4 Bc5 5. c3 dxc3 6. Bxf7+ Kxf7 7. Qd5+ Ke8 8. Qxc5 cxb2 9. Bxb2 d6 10. Qc2 Nf6 11. O-O Bg4 12. Nd4 Nxd4 13. Bxd4 Qe7 14. Nd2 Rf8 15. Rfe1 Kf7 16. e5 dxe5 17. Rxe5 Kg8 18. Rxe7 c6 19. Rxb7 Nd5 20. Rxg7+ Kh8 21. Rxg4+ Nf6 22. Bxf6+ Rxf6 23. Qc3 Rf8 24. Ne4 h6 25. Nxf6 h5 26. Nxh5+ 1-0

[Event "Junior Online 4NCL Division 3"]
[Site "online"]
[Date "2022.02.17"]
[EventDate "2022.02.17"]
[Round "3.103"]
[White "Li, Harvey"]
[WhiteElo "1280"]
[WhiteTeam "London Dragons Beryllium"]
[Black "Agasee, Emilio"]
[BlackElo "1238"]
[BlackTeam "Coldfall Bishops"]
[Result "1-0"]
[PlyCount "119"]

1. d4 e5 2. dxe5 Nc6 3. Nf3 Qe7 4. Nc3 Nxe5 5. e4 Nxf3+ 6. Qxf3 Nf6 7. Be2 g6 8. Bg5 Bg7 9. Qg3 d6 10. Nd5 Qe5 11. Qxe5+ dxe5 12. Bxf6 Bxf6 13. Nxf6+ Ke7 14. Nd5+ Kd6 15. Rd1 Kc6 16. a4 a6 17. Ne7+ Kb6 18. b4 c6 19. a5+ Kc7 20. Nxc8 Raxc8 21. Bg4 Rcd8 22. O-O Rxd1 23. Rxd1 Rd8 24. Rxd8 Kxd8 25. Kf1 Ke7 26. Ke2 Kd6 27. Kd3 c5 28. c3 cxb4 29. cxb4 g5 30. Kc4 f6 31. b5 axb5+ 32. Kxb5 Kc7 33. Bf5 h5 34. Bg6 h4 35. g3 hxg3 36. fxg3 Kd7 37. h4 gxh4 38. gxh4 Kd6 39. Kb6 Kd7 40. Kxb7 Kd6 41. a6 Kc5 42. a7 Kd4 43. a8=Q Ke3 44. Qa4 Kf4 45. Bh5 f5 46. exf5+ Kxf5 47. Qg4+ Kf6 48. Qg6+ Ke7 49. Qf7+ Kd6 50. Qc7+ Kd5 51. Bf7+ Kd4 52. Qc4+ Ke3 53. Bg6 Kf3 54. Qe4+ Kg3 55. Qxe5+ Kxh4 56. Qf4+ Kh3 57. Qg5 Kh2 58. Qg4 Kh1 59. Be4+ Kh2 60. Qg2# 1-0

[Event "Junior Online 4NCL Division 3"]
[Site "online"]
[Date "2022.02.17"]
[EventDate "2022.02.17"]
[Round "3.104"]
[White "Haga, Viktor"]
[WhiteElo "1156"]
[WhiteTeam "Coldfall Bishops"]
[Black "Liu, Zhengzheng"]
[BlackElo "1290"]
[BlackTeam "London Dragons Beryllium"]
[Result "1-0"]
[PlyCount "139"]

1. e4 e5 2. Nf3 Nc6 3. Nc3 Nf6 4. Bc4 Bb4 5. O-O d6 6. Ng5 Ne7 7. Nxf7 Qd7 8. Nxh8 b5 9. Bxb5 c6 10. Ba4 Bxc3 11. dxc3 Ba6 12. Re1 Kf8 13. Bg5 Bb5 14. Bb3 d5 15. exd5 Nexd5 16. Bxf6 Nxf6 17. Qxd7 Nxd7 18. Nf7 Re8 19. Nd6 Re7 20. Nxb5 cxb5 21. c4 bxc4 22. Bxc4 Nb6 23. Re4 Rc7 24. Bd3 Rc5 25. f4 exf4 26. Rxf4+ Kg8 27. Re1 g6 28. b4 Rc8 29. Ba6 Rxc2 30. Re8+ Kg7 31. Re7+ Kh6 32. Rxa7 Rxa2 33. Rh4+ Kg5 34. Rhxh7 Kf4 35. Rhf7+ Ke3 36. Rf3+ Kd4 37. Rd3+ Ke5 38. h3 Nc8 39. Re3+ Kf4 40. Rf3+ Ke5 41. Ra8 Nb6 42. Re8+ Kd6 43. Bd3 Kd7 44. Bb5+ Kc7 45. Rff8 Nd5 46. Rc8+ Kb6 47. Rb8+ Kc7 48. Rfc8+ Kd6 49. Rd8+ Kc7 50. Bc4 Ra1+ 51. Kh2 Ne3 52. Rdc8+ Kd7 53. Bb5+ Kd6 54. Rd8+ Kc7 55. Rbc8+ Kb6 56. Bd3 Nf1+ 57. Bxf1 Rxf1 58. Rg8 Rb1 59. Rxg6+ Kb7 60. Rcg8 Rxb4 61. R8g7+ Kb8 62. Rf6 Rc4 63. Rf8+ Rc8 64. Rxc8+ Kxc8 65. h4 Kd8 66. h5 Ke8 67. h6 Kf8 68. g4 Ke8 69. h7 Kf8 70. h8=Q# 1-0

[Event "Junior Online 4NCL Division 3"]
[Site "online"]
[Date "2022.02.17"]
[EventDate "2022.02.17"]
[Round "3.105"]
[White "Spitz, Danny"]
[WhiteElo "1364"]
[WhiteTeam "Coldfall Bishops"]
[Black "Fang, Moyao"]
[BlackElo "1342"]
[BlackTeam "London Dragons Beryllium"]
[Result "1/2-1/2"]
[PlyCount "65"]

1. e4 c5 2. Nf3 d6 3. d4 cxd4 4. Nxd4 Nf6 5. Nc3 a6 6. f4 e6 7. Bd3 Nbd7 8. O-O Be7 9. Be3 O-O 10. Qd2 Qc7 11. f5 e5 12. Nf3 Nc5 13. Nd5 Nxd5 14. exd5 e4 15. Bxc5 Qxc5+ 16. Kh1 exf3 17. Rxf3 Qxd5 18. f6 Qe5 19. Re1 Qh5 20. fxe7 Re8 21. Bc4 Be6 22. Bxe6 fxe6 23. Qxd6 Qg5 24. Ref1 Qxe7 25. Qxe7 Rxe7 26. h3 h6 27. g4 Rd8 28. R1f2 Red7 29. Kg2 Rd2 30. h4 R8d4 31. Kg3 Rxf2 32. Rxf2 Ra4 33. a3 1/2-1/2

[Event "Junior Online 4NCL Division 3"]
[Site "online"]
[Date "2022.02.17"]
[EventDate "2022.02.17"]
[Round "3.106"]
[White "Shi, Shaoting"]
[WhiteElo "1313"]
[WhiteTeam "London Dragons Beryllium"]
[Black "Haga, Xander"]
[BlackElo "1276"]
[BlackTeam "Coldfall Bishops"]
[Result "0-1"]
[PlyCount "64"]

1. e4 e5 2. Nf3 Nc6 3. Bc4 Bc5 4. c3 Nf6 5. d4 exd4 6. cxd4 Bb4+ 7. Nc3 O-O 8. e5 Ne4 9. O-O Nxc3 10. bxc3 Bxc3 11. Rb1 d6 12. Qd3 Ba5 13. exd6 cxd6 14. Ng5 g6 15. Qh3 Bxh3 16. Nxh3 Nxd4 17. Bg5 Qc7 18. Bd3 Qc3 19. Be4 Rab8 20. Nf4 Rfe8 21. Nd5 Ne2+ 22. Kh1 Qe5 23. Nf6+ Kf8 24. Bh6+ Ke7 25. Nxe8 Rxe8 26. Rxb7+ Kd8 27. Bc6 Re7 28. Rb5 Qc3 29. Bf3 Nd4 30. Rb8+ Kd7 31. Rb7+ Ke8 32. Rfb1 Re1+ 0-1